| 000 | 00537nam a2200193Ia 4500 | ||
|---|---|---|---|
| 003 | GCL | ||
| 008 | 140319s9999 xx 000 0 eng d | ||
| 040 |
_aGCL / _cGCL |
||
| 082 | 0 | 4 |
_a510.285 _bG B |
| 100 | 1 | _aGARY, THEODORE W. | |
| 245 | 1 | 0 |
_aTHE BEGINNER'S GUIDE TO MATHEMATICA-VERSION2 / _cGARY, THEODORE W. |
| 700 | 1 | _aGLYNN, JERRY | |
| 260 |
_a[S.N] : _bADDISON - WESLEY PUBLISHING COMPANY ، _c1992 |
||
| 300 | _a224 P | ||
| 650 | 0 | 4 | _aDATA PROCESSING |
| 650 | 0 | 4 | _aMATHEMATICS |
| 650 | 0 | 4 | _aCOMPUTER PROGRM |
| 942 |
_2ddc _cBK |
||
| 999 |
_c23840 _d23840 |
||